国民体育大会 大会名称(愛称) - Statistics

General Stats
  • This quiz has been taken 7 times
  • The average score is 6 of 86
Answer Stats
回数 開催地 大会名称 備考 % Correct
17 1962 岡山県 岡山
67%
69 2014 長崎県 長崎がんばらんば
50%
8 1953 愛媛県香川県  徳島県 高知県 四国
33%
9 1954 北海道 北海道
33%
11 1956 兵庫県 兵庫
33%
12 1957 静岡県 静岡
33%
15 1960 熊本県 熊本
33%
16 1961 秋田県 秋田
33%
1 1946 京阪神地域 近畿
17%
2 1947 石川県 石川
17%
3 1948 福岡県 福岡
17%
4 1949 東京都 東京
17%
5 1950 愛知県 愛知
17%
6 1951 広島県 広島
17%
10 1955 神奈川県 神奈川
17%
13 1958 富山県 富山
17%
14 1959 東京都 東京
17%
18 1963 山口県 山口
17%
19 1964 新潟県 新潟
17%
20 1965 岐阜県 岐阜
17%
25 1970 岩手県 みちのく
17%
46 1991 石川県 石川
17%
47 1992 山形県 べにばな
17%
51 1996 広島県 ひろしま
17%
61 2006 兵庫県 のじぎく兵庫
17%
74 2019 茨城県 いきいき茨城ゆめ
17%
7 1952 福島県宮城県 山形県 東北3県
17%
21 1966 大分県 剛健
0%
22 1967 埼玉県 清新
0%
23 1968 福井県 親切
0%
24 1969 長崎県 創造
0%
26 1971 和歌山県 黒潮
0%
27 1972 鹿児島県 太陽
0%
特別 1973 沖縄県 若夏 復帰記念沖縄特別国民体育大会
0%
28 1973 千葉県 若潮
0%
29 1974 茨城県 水と緑のまごころ
0%
30 1975 三重県 三重
0%
31 1976 佐賀県 若楠
0%
32 1977 青森県 あすなろ
0%
33 1978 長野県 やまびこ
0%
34 1979 宮崎県 日本のふるさと宮崎
0%
35 1980 栃木県 栃の葉
0%
36 1981 滋賀県 びわこ
0%
37 1982 島根県 くにびき
0%
38 1983 群馬県 あかぎ
0%
39 1984 奈良県 わかくさ
0%
40 1985 鳥取県 わかとり
0%
41 1986 山梨県 かいじ
0%
42 1987 沖縄県 海邦
0%
43 1988 京都府 京都
0%
44 1989 北海道 はまなす
0%
45 1990 福岡県 とびうめ
0%
48 1993 香川県徳島県 東四国
0%
49 1994 愛知県 わかしゃち
0%
50 1995 福島県 ふくしま
0%
52 1997 大阪府 なみはや
0%
53 1998 神奈川県 かながわ・ゆめ
0%
54 1999 熊本県 くまもと未来
0%
56 2001 宮城県 新世紀・みやぎ
0%
57 2002 高知県 よさこい高知
0%
59 2004 埼玉県 彩の国まごころ
0%
60 2005 岡山県 晴れの国おかやま
0%
62 2007 秋田県 秋田わか杉
0%
63 2008 大分県 チャレンジ!おおいた
0%
64 2009 新潟県 トキめき新潟
0%
65 2010 千葉県 ゆめ半島千葉
0%
66 2011 山口県 おいでませ!山口
0%
67 2012 岐阜県 ぎふ清流
0%
70 2015 和歌山県 紀の国わかやま
0%
71 2016 岩手県 希望郷いわて
0%
72 2017 愛媛県 愛顔つなぐえひめ
0%
73 2018 福井県 福井しあわせ元気
0%
75 2020 鹿児島県 燃ゆる感動かごしま 中止
0%
76 2021 三重県 三重とこわか 中止
0%
77 2022 栃木県 いちご一会とちぎ
0%
特別 2023 鹿児島県 燃ゆる感動かごしま 大会回数の付与されない特別国民体育大会これにより75回大会は欠番に
0%
80 2026 青森県 青の煌めきあおもり
0%
81 2027 宮崎県 日本のひなた宮崎
0%
82 2028 長野県 信州やまなみ
0%
83 2029 群馬県 湯けむり国スポぐんま
0%
84 2030 島根県 島根かみあり
0%
55 2000 富山県 2000年とやま
0%
68 2013 東京都 スポーツ祭東京2013
0%
58 2003 静岡県 NEW!!わかふじ
0%
78 2024 佐賀県 SAGA2024
0%
79 2025 滋賀県 わたSHIGA輝く
0%
No matching quizzes found
Score Distribution
Percent of People with Each Score
Percentile by Number Answered
Your Score History
You have not taken this quiz